00895pam a2200193 a 4500020004400000041000800044082001700052100002200069245006300091260014800154300001700302500011800319650002200437700002600459856006300485942000700548952012900555999001700684 a0521375606 (Cambridge University Press) aENG00a200.973bLAC aLacey, Michael J.00aReligion and twentieth-century American intellectual life  a[Washington, D.C.] :bWoodrow Wilson International Center for Scholars ;aCambridge [England] ;aNew York :bCambridge University Press,c1989. aix, 214 p. ; aEssays from a conference held in 1986 at the Woodrow Wilson International Center for Scholars in Washington, D.C. 0aReligious thought1 aLacey, Michael James.42uhttp://www.loc.gov/catdir/description/cam023/89000962.html cBK 00104070aHMIbHMIcGENd2025-06-26eKohinoor Book DIstributorg3501.00l0o200.973 LACp25988r2025-06-26w2025-06-26yBK c23539d23539